<?xml version="1.0" encoding="UTF-8"?>
<collection xmlns="http://www.loc.gov/MARC21/slim">
  <record>
    <leader>00000nam  2200000   4500</leader>
    <controlfield tag="001">INLIS000000000048663</controlfield>
    <controlfield tag="005">20200304070747</controlfield>
    <datafield tag="035" ind1="#" ind2="#">
      <subfield code="a">0010-121600000000049</subfield>
    </datafield>
    <controlfield tag="008">200304################g##########0#ind##</controlfield>
    <datafield tag="020" ind1="#" ind2="#">
      <subfield code="a">978-602-7245-62-4</subfield>
    </datafield>
    <datafield tag="040" ind1="#" ind2="#">
      <subfield code="a">NBPDMAT</subfield>
    </datafield>
    <datafield tag="082" ind1="#" ind2="#">
      <subfield code="a">297.412</subfield>
    </datafield>
    <datafield tag="090" ind1="#" ind2="#">
      <subfield code="a">297.412 12</subfield>
      <subfield code="b">Muh k</subfield>
    </datafield>
    <datafield tag="100" ind1=" " ind2="#">
      <subfield code="a">Muhsin Al Jufri</subfield>
    </datafield>
    <datafield tag="245" ind1="1" ind2="#">
      <subfield code="a">Kumpulan khotbah jum'at :</subfield>
      <subfield code="b">yang menjernihkan jiwa /</subfield>
      <subfield code="c">Ust. Muhsin Al Jufri</subfield>
    </datafield>
    <datafield tag="260" ind1="#" ind2="#">
      <subfield code="b">Pustaka Akhlak,</subfield>
      <subfield code="c">2015</subfield>
    </datafield>
    <datafield tag="300" ind1="#" ind2="#">
      <subfield code="a">180 hlm. ;</subfield>
      <subfield code="c">14 x 21 cm</subfield>
    </datafield>
    <datafield tag="650" ind1="#" ind2="4">
      <subfield code="a">Khutbaqh Jum'at</subfield>
    </datafield>
    <datafield tag="850" ind1="#" ind2="#">
      <subfield code="a">NBPDMAT</subfield>
    </datafield>
    <datafield tag="084" ind1="#" ind2="#">
      <subfield code="a">297.412 MUH k</subfield>
    </datafield>
    <datafield tag="250" ind1="#" ind2="#">
      <subfield code="a">cet.1</subfield>
    </datafield>
    <datafield tag="990" ind1="#" ind2="#">
      <subfield code="a">21602220</subfield>
    </datafield>
    <datafield tag="990" ind1="#" ind2="#">
      <subfield code="a">21602221</subfield>
    </datafield>
    <datafield tag="990" ind1="#" ind2="#">
      <subfield code="a">21602222</subfield>
    </datafield>
    <datafield tag="990" ind1="#" ind2="#">
      <subfield code="a">21602220</subfield>
    </datafield>
    <datafield tag="990" ind1="#" ind2="#">
      <subfield code="a">21602221</subfield>
    </datafield>
    <datafield tag="990" ind1="#" ind2="#">
      <subfield code="a">21602222</subfield>
    </datafield>
    <datafield tag="990" ind1="#" ind2="#">
      <subfield code="a">21602221</subfield>
    </datafield>
    <datafield tag="990" ind1="#" ind2="#">
      <subfield code="a">21602220</subfield>
    </datafield>
    <datafield tag="990" ind1="#" ind2="#">
      <subfield code="a">21602222</subfield>
    </datafield>
    <datafield tag="990" ind1="#" ind2="#">
      <subfield code="a">21602222</subfield>
    </datafield>
    <datafield tag="990" ind1="#" ind2="#">
      <subfield code="a">21602220</subfield>
    </datafield>
    <datafield tag="990" ind1="#" ind2="#">
      <subfield code="a">21602221</subfield>
    </datafield>
  </record>
</collection>
